• 首页
  • 本馆介绍
  • 公告通知
  • 最新文献
  • 馆藏检索
  • 电子资源
  • 读者导购
  • 参考咨询
  • 我的图书馆
  • 登录
  • 详细信息显示
  • 放入我的书架
  • 预约/预借图书
  • 作者相关作品
  • 分类相关作品
  • 丛书相关作品
  • 出版社相关作品

书目信息

  • 表格格式
  • 工作单格式
  • 卡片格式
题名:
表面活性剂化学
    
 
作者: 王世荣 , 李祥高 , 刘东志 编
分册:  
出版信息: 北京   化学工业出版社  2007
页数: 212页
开本: 26cm
丛书名:
单 册:
中图分类: O647.2
科图分类:
主题词: 表面活性剂--表面化学--高等学校--教材 , 表面活性剂 , 表面化学
电子资源:
ISBN: 7-5025-7354-2
000 01004nam0 2200301 450
000 01011nam0 2200301 450
000 00942nam0 2200277 450
000 00906nam0 2200265 45
005 20070515082036.10
010    @a7-5025-7354-2@dCNY28.00
100    @a20070312d2007 em y0chiy0120 ea
101 0  @achi
102    @aCN@b110000
105    @ay z 000yy
200 1  @a表面活性剂化学@Abiao mian huo xing ji hua xue@f王世荣,李祥高,刘东志等编
210    @a北京@c化学工业出版社@d2007
215    @a212页@d26cm
300    @a高等学校教材
330    @a本书共九章,全面介绍了表面活性剂的分类、作用原理、功能与应用、阴离子表面活性剂、阳离子表面活性剂、两性型和非离子表面活性剂的合成方法等。
606 0  @a表面活性剂@x表面化学@x高等学校@j教材
606 0  @a表面活性剂
606 0  @a表面化学
690    @aO647.2@v4
701  0 @a王世荣@Awang shi rong@4编
701  0 @a李祥高@Ali xiang gao@4编
701  0 @a刘东志@Aliu dong zhi@4编
801  0 @aCN@bTAOJIN@c20070515
905    @a10447@dO647.2@e56
    
    表面活性剂化学/王世荣,李祥高,刘东志等编.-北京:化学工业出版社,2007
    212页;26cm
    高等学校教材
    
    ISBN 7-5025-7354-2:CNY28.00
    本书共九章,全面介绍了表面活性剂的分类、作用原理、功能与应用、阴离子表面活性剂、阳离子表面活性剂、两性型和非离子表面活性剂的合成方法等。
●
相关链接 在E读中查询图书 在五车中查询图书 在当当中查询图书 在豆瓣中查询图书


正题名:表面活性剂化学     索取号:O647.2/56         预约/预借

序号 登录号 条形码 馆藏地/架位号 状态 备注
1 0520101   205201011   第二样本阅览室/ [索取号:O647.2/56] 在馆    
2 0520102   205201020   第三借阅区/ [索取号:O647.2/56] 在馆    
3 0520103   205201039   第三借阅区/ [索取号:O647.2/56] 在馆    
4 0520104   205201048   第三借阅区/ [索取号:O647.2/56] 在馆    
5 0520105   205201057   第三借阅区/ [索取号:O647.2/56] 在馆    
6 0520106   205201066   第三借阅区/ [索取号:O647.2/56] 在馆    
7 0520107   205201075   第三借阅区/ [索取号:O647.2/56] 在馆    
8 0520108   205201084   第三借阅区/ [索取号:O647.2/56] 在馆    
唐山师范学院图书馆 欢迎您!
大连网信软件有限公司© 版权所有